Diagram & Process : (Record no. 27438)
[ view plain ]
| 000 -LEADER | |
|---|---|
| fixed length control field | 01048nam a22002895a 4500 |
| 003 - CONTROL NUMBER IDENTIFIER | |
| control field | EG-ScBUE |
| 005 - DATE AND TIME OF LATEST TRANSACTION | |
| control field | 20221211131442.0 |
| 008 - FIXED-LENGTH DATA ELEMENTS--GENERAL INFORMATION | |
| fixed length control field | 190507q2018 ko a f 000 0 eng d |
| 020 ## - INTERNATIONAL STANDARD BOOK NUMBER | |
| International Standard Book Number | 9791195826865 (set) |
| 020 ## - INTERNATIONAL STANDARD BOOK NUMBER | |
| International Standard Book Number | 9781195826841 (vol. 1) |
| 020 ## - INTERNATIONAL STANDARD BOOK NUMBER | |
| International Standard Book Number | 9781195826858 (vol. 2) |
| 040 ## - CATALOGING SOURCE | |
| Original cataloging agency | EG-ScBUE |
| Language of cataloging | eng |
| Description conventions | rda |
| Transcribing agency | EG-ScBUE |
| Modifying agency | EG-ScBUE |
| 041 1# - LANGUAGE CODE | |
| Language code of text/sound track or separate title | eng |
| -- | kor |
| Language code of original and/or intermediate translations of text | kor |
| 082 04 - DEWEY DECIMAL CLASSIFICATION NUMBER | |
| Classification number | 721.042 |
| Item number | DIA |
| Edition number | 22 |
| 245 00 - TITLE STATEMENT | |
| Title | Diagram & Process : |
| Remainder of title | architectural design thinking : the expression of diagram / |
| Statement of responsibility, etc | translate by Jee Joohyun. |
| 246 3# - VARYING FORM OF TITLE | |
| Title proper/short title | Diagram and Process : |
| Remainder of title | architectural design thinking : the expression of diagram |
| 264 #1 - PUBLICATION, DISTRIBUTION, ETC. (IMPRINT) | |
| Place of publication, distribution, etc | Seoul, Korea : |
| Name of publisher, distributor, etc | Archi-LAB Co., |
| Date of publication, distribution, etc | [2018?] |
| 300 ## - PHYSICAL DESCRIPTION | |
| Extent | 2 volumes : |
| Other physical details | color illustrations ; |
| Dimensions | 28 cm |
| 505 0# - FORMATTED CONTENTS NOTE | |
| Formatted contents note | Volume 1. Diagram -- Volume 2. Process. |
| 546 ## - LANGUAGE NOTE | |
| Language note | Text in English ; translated from the original Korean. |
| 650 #7 - SUBJECT ADDED ENTRY--TOPICAL TERM | |
| Topical term or geographic name as entry element | Architectural design. |
| Source of heading or term | BUEsh |
| 651 ## - SUBJECT ADDED ENTRY--GEOGRAPHIC NAME | |
| Source of heading or term | BUEsh |
| 653 ## - INDEX TERM--UNCONTROLLED | |
| Resource For college | Engineering, Architecture |
| Arrived date list | May2019 |
| 655 ## - INDEX TERM--GENRE/FORM | |
| Form subdivision | Reading book |
| 700 1# - ADDED ENTRY--PERSONAL NAME | |
| Personal name | Joohyun, Jee, |
| Title of a work | translator. |
| 942 ## - ADDED ENTRY ELEMENTS (KOHA) | |
| Source of classification or shelving scheme | Dewey Decimal Classification |
| Koha item type | Book - Borrowing |
| Withdrawn status | Lost status | Source of classification or shelving scheme | Damaged status | Not for loan | Collection code | Home library | Current library | Shelving location | Date acquired | Source of acquisition | Cost, normal purchase price | Serial Enumeration / chronology | Total Checkouts | Total Renewals | Full call number | Barcode | Date last seen | Date checked out | Cost, replacement price | Price effective from | Koha item type | Public note |
|---|---|---|---|---|---|---|---|---|---|---|---|---|---|---|---|---|---|---|---|---|---|---|
| Dewey Decimal Classification | International Marketing Center | Central Library | Central Library | Second Floor | 07/05/2019 | Purchase | 2800.00 | 3084 | 1 | 42 | 721.042 DIA | 000044641 | 15/07/2025 | 29/10/2019 | 3500.00 | 07/05/2019 | Book - Borrowing | VOL. 1. | ||||
| Dewey Decimal Classification | International Marketing Center | Central Library | Central Library | Second Floor | 07/05/2019 | Purchase | 2800.00 | 3084 | 1 | 43 | 721.042 DIA | 000044642 | 15/07/2025 | 29/10/2019 | 3500.00 | 07/05/2019 | Book - Borrowing | VOL. 2. |